00963 a2200205 4500020001800000082001200018090001500030100002400045245009200069250001200161260003000173300003000203700002800233700002200261942002000283999001700303952014700320952013100467952015900598 a9788131710265 a629.895 c7261d7261 aMuhammad Ali Mazidi aThe 8051 microcontroller and embedded systems using assembly and CcMuhammad Ali Mazidi a2nd ed. aNew Delhi.bPearsonc2006 axii, 547p.:bill.;c25cm. aJanice Gillispie Mazidi aRolin D. McKinlay cBKk629.895 MAZ c11064d11064 001040708NFICaCLbCLcGENd2012-08-06eAllied Book Companyg410.40l5m2o629.895 MAZpSEECS011476r2021-09-18s2018-11-13w2017-01-05yBK 001040708NFICaCLbCLcGENd2013-09-09eDonationg0.00l9o629.895 MAZpSEECSD00954r2018-12-25s2018-11-23w2017-01-05yBK 001040708NFICaCLbCLcGENd2013-12-27eAllied Book Companyg488.00l6m5o629.895 MAZpSEECS013129q2022-10-14r2019-01-02s2018-10-01w2017-01-05yBK